ბათუმის შოთა რუსთაველის სახელმწიფო უნივერსიტეტის ბიბლიოთეკა

გარემოს გაჭუჭყიანების წყაროები და მათი ლიკვიდაციის ტექნიკური ღონისძიებები : სახელმძღვ. / (ბიბ.ჩანაწერი № 39410)

000 -ლიდერი
ფიქსირებული სიგრძის საკონტროლო ველი 01484nam a2200265Ia 4500
001 - საკონტროლო ნომერი
საკონტროლო ველი 6001
003 - საკონტროლო ნომრის იდენტიფიკატორი
საკონტროლო ველი GE_BSU
005 - ბოლო ოპერაციის თარიღი და დრო
საკონტროლო ველი 20190530151111.0
008 - ფიქსირებული სიგრძის მონაცემთა ელემენტები - ზოგადი ინფორმაცია
ფიქსირებული სიგრძის საკონტროლო ველი 181216s1985||||ge |||||||||||||| ||geo||
040 ## - კატალოგიზაციის წყარო
Transcribing agency GE_BSU
041 ## - ენის კოდი
Language code of text/sound track or separate title geo
080 ## - უნივერსალური ათობითი კლასიფიკაციის ინდექსი
Universal Decimal Classification number 502.55(075.8) გ-21
245 ## - ცნობა სათაურის შესახებ
Title გარემოს გაჭუჭყიანების წყაროები და მათი ლიკვიდაციის ტექნიკური ღონისძიებები : სახელმძღვ. /
Statement of responsibility, etc ვ.ერისთავი ; ა. დანელია ; რ. ალასანია ; ლ. არხიპოვა ; რედ.: მ.ღუდუშაური ; ლ.მაღულარია.
264 ## - წარმოების, გამოცემის, დისტრიბუციის და სხვა ცნობები
გამოცემის, წარმოების, დისტრიბუციის... ადგილი თბილისი :
გამოცემის, წარმოების, დისტრიბუციის... სახელწოდება განათლება,
გამოცემის, წარმოების, დისტრიბუციის... თარიღი 1985.
300 ## - ფიზიკური აღწერა
Extent 223 გვ .:
Dimensions 20 სმ.
653 ## - INDEX TERM--UNCONTROLLED
Uncontrolled term გარემოს გაჭუჭყიანების წყაროები და მათი ლიკვიდაციის ტექნიკური ღონისძიებები.
653 ## - INDEX TERM--UNCONTROLLED
Uncontrolled term ბუნება
700 ## - ADDED ENTRY--PERSONAL NAME
Personal name ერისთავი, ვ
9 (RLIN) 1833
700 ## - ADDED ENTRY--PERSONAL NAME
Personal name დანელია,ა
9 (RLIN) 1834
700 ## - ADDED ENTRY--PERSONAL NAME
Personal name ალასანია,რ
9 (RLIN) 1835
700 ## - ADDED ENTRY--PERSONAL NAME
Personal name არხიპოვა,ლ
9 (RLIN) 1836
700 ## - ADDED ENTRY--PERSONAL NAME
Personal name ღუდუშაური, მ
Relator term რედაქტორი
9 (RLIN) 1085
700 ## - ADDED ENTRY--PERSONAL NAME
Personal name მაღულარია, ლ
Relator term რედაქტორი
9 (RLIN) 1837
942 ## - ADDED ENTRY ELEMENTS (KOHA)
Koha item type წიგნი
Source of classification or shelving scheme
ეგზემპლარები
ჩამოწერის სტატუსი დაკარგული ეგზემპლარის სტატუსი კლასიფიკაციის წყარო ან თაროზე გაწყობის სქემა დაზიანების სტატუსი არ გაიცემა მუდმივი მდებარეობა (დაცვის ადგილი) ამჟამინდელი ადგილსამყოფელი თაროზე განთავსების ადგილი შეძენის თარიღი ღირებულება, შესყიდვის ნორმალური ფასი სრული შენახვის შიფრი შტრიხკოდი ბოლო ოპერაციის თარიღი ეგზემპლარის მიმდევრობითი ნომერი (კეტერი?) ფასის ძალაში შესვლის თარიღი ეგზემპლარის სახეობა საჯარო შენიშვნა
          ტექნოლოგიური ფაკულტეტის ბიბლიოთეკა ტექნოლოგიური ფაკულტეტის ბიბლიოთეკა წიგნსაცავი 2018-12-17 1.00 502.55(075.8) გ-21 9744 2018-12-17 9744 2018-12-17 წიგნი 1 ლ. 30 თ.
          ტექნოლოგიური ფაკულტეტის ბიბლიოთეკა ტექნოლოგიური ფაკულტეტის ბიბლიოთეკა წიგნსაცავი 2018-12-17 1.00 502.55(075.8) გ-21 9745 2018-12-17 9745 2018-12-17 წიგნი 1 ლ. 30 თ.
          ტექნოლოგიური ფაკულტეტის ბიბლიოთეკა ტექნოლოგიური ფაკულტეტის ბიბლიოთეკა წიგნსაცავი 2018-12-17 1.00 502.55(075.8) გ-21 9746 2018-12-17 9746 2018-12-17 წიგნი 1 ლ. 30 თ.
          ტექნოლოგიური ფაკულტეტის ბიბლიოთეკა ტექნოლოგიური ფაკულტეტის ბიბლიოთეკა წიგნსაცავი 2018-12-17 1.00 502.55(075.8) გ-21 9747 2018-12-17 9747 2018-12-17 წიგნი 1 ლ. 30 თ.
          ტექნოლოგიური ფაკულტეტის ბიბლიოთეკა ტექნოლოგიური ფაკულტეტის ბიბლიოთეკა წიგნსაცავი 2018-12-17 1.00 502.55(075.8) გ-21 9748 2018-12-17 9748 2018-12-17 წიგნი 1 ლ. 30 თ.
          ტექნოლოგიური ფაკულტეტის ბიბლიოთეკა ტექნოლოგიური ფაკულტეტის ბიბლიოთეკა წიგნსაცავი 2018-12-17 1.00 502.55(075.8) გ-21 9749 2018-12-17 9749 2018-12-17 წიგნი 1 ლ. 30 თ.
          ტექნოლოგიური ფაკულტეტის ბიბლიოთეკა ტექნოლოგიური ფაკულტეტის ბიბლიოთეკა წიგნსაცავი 2018-12-17 1.00 502.55(075.8) გ-21 9750 2018-12-17 9750 2018-12-17 წიგნი 1 ლ. 30 თ.